MDQL
is popping MORE tags! Check the
thread
!
Quizzes
Events
Quiz Creation
Community
Videos
Private Events
Remove Ads
Sign In
Join for FREE
Feedback
Dark Mode
Quiz Categories
Sports
Geography
Music
Movies
Television
Just For Fun
Miscellaneous
History
Literature
Language
Science
Gaming
Entertainment
Religion
Holiday
For Kids
Quiz Lab
Recent
Popular Today
Quiz Kudos Today
Editor Picks
Curator Picks
Quizzes by...
Day
Popularity
Type
Ratings
Length
Year
Community
Subscriptions
Recent Discussions
Orange Saloon
Badges
Playlists
Quests
Create
Leaderboards
Showdown
Live 5
Trivia Bingo
Activity
Puzzle Library
Sporcle Events
Private Events
Virtual Trivia
Globe League
Become a Host
Pub Owners
SporcleCon
Opinionation
Our Games
Videos
Blog
Mobile Apps
Partnerships
Remove Ads and Go Orange
Feedback
Miscellaneous
Crossword
General Knowledge
Baby Names
Logo
Food
Cars
Numbers
Grab Bag
University
College
Popular
Company
Slogans
Restaurants
Justice
Letter
Miscellaneous
Crossword
General Knowledge
Baby Names
Logo
Food
Cars
Numbers
Grab Bag
University
College
Popular
Company
Slogans
Restaurants
Justice
Letter
Random Quiz
Search Sporcle
×
Quiz Lab
Quiz Lab
Miscellaneous
CSI
Type in answers that appear in a list
Type in answers that appear in a list
Classic
Best Score? Go Orange.
Öcsis Párok of 2008? Stats
Can you name the Can you name the Öcsis Párok of 2008??
By
Pochok
10m
41 Questions
49 Plays
49 Plays
49 Plays
Comments
Comments
Give Quiz Kudos
Give Quiz Kudos
-
- Ratings
hide this ad
More Info
Replay
Link that replays current quiz
Next Quiz
Link to next quiz in quiz playlist
You Got
0%
They Got
Avg Score
39%
Avg Friend Score
Upgrade to see
Score Distribution
Jump to the score distribution portion of the page
Score
0/41
Timer
10:00
0
Plays Today
Tábor
% Correct
Sopron
Kovács Gergő - Vágvölgyi Nóra
73.5%
Sopron
Panajotu Markosz - Tamás Enikő
61.2%
Várhegy
Hőgye Adél - Marosi Gergő
59.2%
Nagyvisnyó
Horváth Edina - Brautigam Zoltán
59.2%
Szanazug
Papp Laura - Mecseki Csaba
51%
Várhegy
Dubi Ilona - Szijártó László
46.9%
Nagyvisnyó
Gábos Emma - Szabó Viktor
46.9%
Sopron
Németh Ádám - Unger Anna
44.9%
Várhegy
Horváth Balázs - Nagy Andrea
44.9%
Várhegy
Hatvani Máté - Mihály Anita
44.9%
Sopron
Hartmann Ákos - Molnár Zsuzsa
42.9%
Szanazug
Boda Eszter - Csavajda Ákos
42.9%
Várhegy
Miklósy Boglárka - Konfár András
42.9%
Nagyvisnyó
Strommer Gergely Tamás - Lunk Izabella
42.9%
Nagyvisnyó
Kántor Eszter - Germán Ádám
42.9%
Szanazug
Szekeres Péter - Herczku Lilla
40.8%
Szanazug
Zsigó Barbara - Manz Herbert
40.8%
Várhegy
Ihrig Zsófia - Engler Tamás
40.8%
Nagyvisnyó
Wale Almaz - Németh Derek Szabolcs
40.8%
Szanazug
Schulteisz Edina - Samu István
38.8%
Várhegy
Jávorfi Judit - Tóth Nándor
38.8%
Tábor
% Correct
Várhegy
Deák Enikő - Fekete Tamás
38.8%
Várhegy
Bobál Róbert - Csukonyi Zsófia
38.8%
Nagyvisnyó
Szabó-Szontágh Lúcia - Paule Andrej
38.8%
Nagyvisnyó
Czesznak Mihály - Bíró Anna
38.8%
Sopron
Méhes Zsófia - György Tamás
36.7%
Szanazug
Geiszler Péter - Kiss Melinda
36.7%
Szanazug
Herpai Levente - Molnár Andrea
34.7%
Várhegy
Molnár Gyula - Mészáros Márta
34.7%
Várhegy
Mányoki Gábor - Bartos Virág
34.7%
Sopron
Kiss Tamás - Balogh Lilla
32.7%
Sopron
Patkós Veronika - Szalai Virág
32.7%
Szanazug
Stiglincz Máté - Füle Judit
32.7%
Szanazug
Wurm Viktor - Bujnóczki Bea
32.7%
Nagyvisnyó
Zsarnai György - Proksa Judit
30.6%
Szanazug
Weisz Andrea - Szabó Dániel
28.6%
Nagyvisnyó
Madácsi Ádám - Forster Orsolya
28.6%
Várhegy
Igaz Ágnes - Szabó Janka
26.5%
Szanazug
Hóbár Szilárd - Rápolti Dia
24.5%
Sopron
Nagy Fanni - Tabajdi Sándor
22.4%
Nagyvisnyó
Balajthy Henrietta - Gálos Géza Tamás
22.4%
Quiz Playlist
Details
Report
Send in Message
Add To Playlist
More Info:
--------- Nevezd meg a 2008-as GT párjait. A táborokat megadtuk segítségképp. A listásokat ÍRD ELŐRE!!! ---------
Classic:
Type in answers that appear in a list
Last Updated: Feb 16, 2017
Quiz Scoreboard
CHALLENGE
Sign Up to Join the Scoreboard
Show All
Scores
Hide
Comments
May contain spoilers
Recently Published
Colored Red Africa Blitz
by spor1
Geography
30s
Find the 'City' Movie
by crazypaving
Movies
60s
5x2 Blitz: Bands
by SL_Kpop136
Music
30s
More to Explore
Quiz From the Vault
Featured Blog Post
14 Easter Pick-up Lines to Find Eggs With
hide this ad
You Might Also Like...
Tags
2008
CSI
Today's Top Quizzes in Miscellaneous
Browse Miscellaneous
hide this ad
Top Contributed Quizzes in Miscellaneous
1
5-to-1: Fast Food
2
The JOE quick-fire general knowledge quiz: Day 174
3
9x9 Crossword: Disney Movie Titles
4
9x9 Crossword: Charlie and the Chocolate Factory
5
9x9 Crossword: 2022 Movies
6
9x9 Crossword: Pixar Movie Titles
7
9x9 Crossword: Actors
8
9x9 Crossword: Flags
9
9x9 Crossword: Mario
10
9x9 Crossword: The Simpsons
Explore More
Trending Topics
NBA
Harry Potter
Disney
Marvel
Anime
Kpop
Crossword
NFL
The Office
Song
Country
Puzzle
WWE
Soccer
Pokémon
hide this ad
More By:
Pochok
Quiz
Plays
Rating
Category
Featured
Created
Kings of Hungary 1000-1918
426
1.80
History
Dec 25, 2009
Öcsis Párok of 2008?
49
5.00
Miscellaneous
Jan 1, 2011
Can you name the pairs of the Szegregáció
43
Just For Fun
Jun 6, 2011
Go to Creator's Profile
Score Distribution
Quiz Creator Spotlight
Pochok
Follow
Send a Message
Quizzes Created
-
Created Quiz Play Count
-
More By This Creator
Popular Quizzes Today
1
Colored Red Africa Blitz
2
Find the 'City' Movie
3
5x2 Blitz: Bands
4
Find the US States - No Outlines Minefield
5
The Countries of the World
6
Find the US States
7
US States
8
Find the Countries of Europe - No Outlines Minefield
More Miscellaneous Quizzes
Grammatical Terms, or Culinary Collection?
Quiz Lab
Trending Quizzes
Colored Red Europe Blitz I
Colored Red Europe Blitz II
Colored Red Africa Blitz II
Colored Red Europe Blitz III
Colored Red Africa Blitz III
Recently Updated
How Do You Spell That?
pecheneg
Godzilla Movies
pecheneg
Grab Bag: 4-10 Letters
pecheneg
2024 March Madness Bracket
pecheneg
Famous TV Couples
Peacemaker
Champions League XIs: Real Madrid
pecheneg
Largest US Cities 1790-2010
pecheneg
Rides in Walt Disney World
pecheneg
Most Oscar Losses (Acting)
pecheneg
Beyoncé Albums
pecheneg
Trending Topics
Marvel
Harry Potter
Disney
Anime
Crossword
NBA
Kpop
NFL
Song
Country
Puzzle
WWE
Soccer
Pokémon
The Office
Your Account Isn't Verified!
In order to create a playlist on Sporcle, you need to verify the email address you used during registration. Go to your
Sporcle Settings
to finish the process.
Report this User
Report this user for behavior that violates our
Community Guidelines
.
Details:
Send Report
Go to the Sporcle.com Mobile Site →
Comments